आधुनिक पत्र-लेखन / (Record no. 31741)

MARC details
000 -LEADER
fixed length control field 05721nam a22004217a 4500
005 - DATE AND TIME OF LATEST TRANSACTION
control field 20091113101412.0
008 - FIXED-LENGTH DATA ELEMENTS--GENERAL INFORMATION
fixed length control field 091113t xxu||||| |||| 00| 0 hin d
010 ## - LCCN (DPL NO)
LC control number HIN-88480
020 ## - INTERNATIONAL STANDARD BOOK NUMBER
International Standard Book Number 9788182030114
Terms of availability 350.00
035 ## - SYSTEM CONTROL NUMBER
System control number B-377789-799
035 ## - SYSTEM CONTROL NUMBER
System control number HN-60826
037 ## - SOURCE OF ACQUISITION
Source of stock number/acquisition लोकप्रिय प्रकाशन / PUB
040 ## - CATALOGING SOURCE
Original cataloging agency DPL
Language of cataloging HN
082 ## - DEWEY DECIMAL CLASSIFICATION NUMBER
Classification number 808.6
100 ## - MAIN ENTRY--PERSONAL NAME
Personal name मिश्र, राजेन्द्र
245 ## - TITLE STATEMENT
Title आधुनिक पत्र-लेखन /
Statement of responsibility, etc राजेन्द्र मिश्र एवं प्रहलाद तिवारी
246 ## - VARYING FORM OF TITLE
Title proper/short title Aadhunika patra lekhana
Remainder of title by Rajendra Mishra and Prahalad Tiwari
260 ## - PUBLICATION, DISTRIBUTION, ETC. (IMPRINT)
Place of publication, distribution, etc दिल्ली
Name of publisher, distributor, etc लोकप्रिय प्रकाशन
Date of publication, distribution, etc 2009
270 ## - ADDRESS
Address 79, चन्दु पार्क, गली नं-20
City दिल्ली
Postal code 110051
300 ## - PHYSICAL DESCRIPTION
Extent 248पृ
Dimensions 22सेमी (सजिल्द)
650 ## - SUBJECT ADDED ENTRY--TOPICAL TERM
Topical term or geographic name as entry element पत्र लेखन
650 ## - SUBJECT ADDED ENTRY--TOPICAL TERM
Topical term or geographic name as entry element Letter writing
700 ## - ADDED ENTRY--PERSONAL NAME
Personal name तिवारी, प्रहलाद
942 ## - ADDED ENTRY ELEMENTS (KOHA)
Source of classification or shelving scheme Dewey Decimal Classification
Item type Hindi Books
Classification part 808.6
Call number suffix मिश्ररा
Holdings
Withdrawn status Lost status Source of classification or shelving scheme Damaged status Not for loan Collection code Home library Current library Date acquired Source of acquisition Cost, normal purchase price Total Checkouts Full call number Barcode Date last seen Copy number Cost, replacement price Koha item type Total Renewals Public note
    Dewey Decimal Classification     Non-fiction Bawana Bawana 11/06/2010 लोकप्रिय प्रकाशन/441/11.02.10/198/02.01.10/20.02.10 350.00 2 808.6 मिश्ररा B-377795 20/08/2019 1 350.00 Hindi Books    
    Dewey Decimal Classification   Not For Loan Non-fiction D.B.Act.Division D.B.Act.Division 13/11/2009 DBAD / PUB 350.00   808.6 मिश्ररा HN-60826 13/11/2009 1 350.00 Hindi Books    
Withdrawn   Dewey Decimal Classification     Non-fiction Janak Puri Janak Puri 11/06/2010 लोकप्रिय प्रकाशन/441/11.02.10/198/02.01.10/20.02.10 350.00 35 808.6 मिश्ररा B-377791 10/03/2018 1 350.00 Hindi Books 2  
    Dewey Decimal Classification     Non-fiction Kasturba Gandhi Marg Kasturba Gandhi Marg 11/06/2010 लोकप्रिय प्रकाशन/441/11.02.10/198/02.01.10/20.02.10 350.00   808.6 मिश्ररा B-377790 11/06/2010 1 350.00 Hindi Books    
  Written-off vide DLB M. No. 383 dt 16.05.19 Dewey Decimal Classification     Non-fiction Patel Nagar Patel Nagar 11/06/2010 लोकप्रिय प्रकाशन/441/11.02.10/198/02.01.10/20.02.10 350.00   808.6 मिश्ररा B-377789 11/06/2010 1 350.00 Hindi Books    
    Dewey Decimal Classification     Non-fiction R.C.Libraries (BL-IV) R.C.Libraries (BL-IV) 11/06/2010 लोकप्रिय प्रकाशन/441/11.02.10/198/02.01.10/20.02.10 350.00   808.6 मिश्ररा B-377796 11/06/2010 4 350.00 Hindi Books    
  Written-off vide DLB M. No. 383 dt 16.05.19 Dewey Decimal Classification     Non-fiction R.C.Libraries (BL-IV) R.C.Libraries (BL-IV) 11/06/2010 लोकप्रिय प्रकाशन/441/11.02.10/198/02.01.10/20.02.10 350.00   808.6 मिश्ररा B-377797 11/06/2010 4 350.00 Hindi Books    
  Written-off vide DLB M. No. 383 dt 16.05.19 Dewey Decimal Classification     Non-fiction R.C.Libraries (BL-IV) R.C.Libraries (BL-IV) 11/06/2010 लोकप्रिय प्रकाशन/441/11.02.10/198/02.01.10/20.02.10 350.00   808.6 मिश्ररा B-377798 11/06/2010 4 350.00 Hindi Books    
Written off   Dewey Decimal Classification     Non-fiction R.C.Libraries (BL-IV) R.C.Libraries (BL-IV) 11/06/2010 लोकप्रिय प्रकाशन/441/11.02.10/198/02.01.10/20.02.10 350.00   808.6 मिश्ररा B-377799 11/06/2010 4 350.00 Hindi Books   Written off vide C-30021/05/2022/Estt./110 dt.07.11.22
    Dewey Decimal Classification     Non-fiction Sarojini Nagar Sarojini Nagar 11/06/2010 लोकप्रिय प्रकाशन/441/11.02.10/198/02.01.10/20.02.10 350.00   808.6 मिश्ररा B-377792 11/06/2010 1 350.00 Hindi Books    
    Dewey Decimal Classification     Non-fiction Sriniwas Puri Sriniwas Puri 11/06/2010 लोकप्रिय प्रकाशन/441/11.02.10/198/02.01.10/20.02.10 350.00   808.6 मिश्ररा B-377793 11/06/2010 1 350.00 Hindi Books    
    Dewey Decimal Classification     Non-fiction Vinoba Puri Vinoba Puri 11/06/2010 लोकप्रिय प्रकाशन/441/11.02.10/198/02.01.10/20.02.10 350.00 9 808.6 मिश्ररा B-377794 05/02/2019 1 350.00 Hindi Books    

© Delhi Public Library
Hit Counter
free hit counter